| 000 -LEADER |
| fixed length control field |
00455nam a2200133 4500 |
| 008 - FIXED-LENGTH DATA ELEMENTS--GENERAL INFORMATION |
| fixed length control field |
200903b ||||| |||| 00| 0 eng d |
| 082 00 - DEWEY DECIMAL CLASSIFICATION NUMBER |
| Classification number |
621.4025 |
| Item number |
S6421 |
| 100 ## - MAIN ENTRY--PERSONAL NAME |
| 9 (RLIN) |
3873 |
| Personal name |
Smith, I. E. |
| 245 10 - TITLE STATEMENT |
| Title |
Applications and efficiency of heat pump system: proceedings of the 4th internatio.. / |
| 260 ## - PUBLICATION, DISTRIBUTION, ETC. (IMPRINT) |
| Place of publication, distribution, etc |
Berlin: |
| Name of publisher, distributor, etc |
Scientific and technical information and spri.., |
| Date of publication, distribution, etc |
1990. |
| 300 ## - PHYSICAL DESCRIPTION |
| Extent |
189 p. |
| 650 #0 - SUBJECT ADDED ENTRY--TOPICAL TERM |
| Topical term or geographic name as entry element |
Heat Pumps |
| 942 ## - ADDED ENTRY ELEMENTS (KOHA) |
| Source of classification or shelving scheme |
|
| Item type |
Books |